Logo BPK

Biblioteka

Politechniki Koszalińskiej

George Gissing : (Rekord nr 47700)

Szczegóły MARC
000 -ETYKIETA REKORDU
podpole kontrolne o stałej długości 00820nam a2200229 i 4500
001 - NUMER KONTROLNY REKORDU
pole kontrolne bgj
020 ## - MIĘDZYNARODOWY ZNORMALIZOWANY NUMER KSIĄŻKI - ISBN
ISBN 0875800386
040 ## - ŹRÓDŁO KATALOGOWANIA
Instytucja, która utworzyła rekord BPK
041 0# - KOD JĘZYKA
Kod języka tekstu eng
920 ## - Międzynarodowy znormalizowany numer książki – ISBN
ISBN 0-87580-038-6
008 - POLE O STAŁEJ DŁUGOŚCI - DANE KONTROLNE
podpole kontrolne o stałej długości s uk f |000 0 eng
100 1# - NAZWA OSOBOWA
Nazwa osobowa WOLFF, Joseph J.
Daty związane z nazwą (1921- )
245 10 - TYTUŁ/ODPOWIEDZIALNOŚĆ
Tytuł George Gissing :
Ciąg dalszy tytułu an annotated bibliography of writings about him /
Pozostałe elementy strefy tytułu i oznaczenia odpowiedzialności Joseph Wolff.
260 ## - STREFA ADRESU WYDAWNICZEGO
Miejsce wydania DeKalb, Il :
Nazwa wydawcy/dystrybutora Northern Illinois University Press,
Data publikacji, dystrybucji/powstania dokumentu c. 1974.
300 ## - STREFA OPISU FIZYCZNEGO
Objętość IX, 293 pp ;
Rozmiary 24 cm.
490 1# - STREFA SERII I DOKUMENTU WIELOCZĘŚCIOWEGO - FORMA NIE DO WYSZUKIWANIA
Tytuł i oznaczenie odpowiedzialności serii An Annotated Secondary Bibliography Series on English Literature in Transition, 1880-1920
505 ## - SFORMALIZOWANA UWAGA DOTYCZĄCA ZAWARTOŚCI
Pełny tekst uwagi Includes indexes.
600 19 - HASŁO PRZEDMIOTOWE W FORMIE NAZWY OSOBOWEJ
Nazwa osobowa Gissing, George Robert, 1875-1903
655 ## - TERMIN INDEKSOWY - OKREŚLENIE RODZAJU/FORMY DOKUMENTU
Określenie rodzaju/formy dokumentu Bibliography
830 ## - HASŁO DODATKOWE SERII LUB DOKUMENTU WIELOCZĘŚCIOWEGO - TYTUŁ UJEDNOLICONY
Tytuł ujednolicony An Annotated Secondary Bibliography Series on English Literature in Transition, 1880-1920
856 ## - LOKALIZACJA I DOSTĘP DO ELEKTRONICZNYCH DOKUMENTÓW ZDALNYCH
Link (URL) http://koha.tu.koszalin.pl/cgi-bin/koha/opac-detail.pl?biblionumber=47700
Tekst linku Katalog online BPK
942 ## - DODATKOWE ELEMENTY (KOHA)
Typ dokumentu Książka
Egzemplarze
Wycofany Status egzemplarza Uszkodzony Dostępność Lokalizacja stała Lokalizacja bieżąca Miejsce przechowywania Sygnatura Kod kreskowy Typ dokumentu
      Dostępny Biblioteka Politechniki Koszalińskiej Biblioteka Politechniki Koszalińskiej Wypożyczalnia Językowa KA 4248 09013650 Książka
© 2023 Biblioteka Politechniki Koszalińskiej :: KOHA